00595nam a2200205Ia 450000500170000000800410001702000180005804000180007604100080009408200240010210000230012624500520014925000120020126000380021330000230025165000490027465000210032365000250034465000200036920220822141746.0210716s2009 xx 000 0 und d a9788126510064 cAIMIT LIBRARY aeng a005.30287 22bMYEG aMyers, Glenford J. aArt of software testing /cBy Glenford J Myers. a2nd ed. aNew Delhi :bWiley India ,c2009. axv,234 p. ;c24cm. aProgram inspections walkthroughs and reviews aTest case design aHigher order testing aExtreme testing